| 000 | 01936nam a2200301 i 4500 | ||
|---|---|---|---|
| 003 | DO-SdBNP | ||
| 005 | 20231113142807.0 | ||
| 007 | ta | ||
| 008 | 150209s2008 dr acb d 000 0 spa d | ||
| 020 | _a9945170104 | ||
| 040 |
_aDO-SdBNP _bspa _cBNPHU _erda |
||
| 082 |
_222 _bH116 |
||
| 245 | 0 | 0 |
_aHablamos de Dios. : _b2do. de educación media / _cilustraciones Wi Hen Fung |
| 264 | 1 |
_aSanto Domingo : _bSM, _c2008. |
|
| 300 |
_a127 páginas _bilustraciones, retratos, mapas _c28 cm. |
||
| 336 |
_2rdacontent _atexto _btxt |
||
| 337 |
_2rdamedia _asin mediación _bn |
||
| 338 |
_2rdacarrier _avolumen _bnc |
||
| 490 | 1 | _aEducación en valores | |
| 500 | _aEducación media. | ||
| 500 | _aFormación integral humana y religiosa. | ||
| 505 |
_gUnidad 1: La persona, un ser que pregunta : _tLa persona un ser que interroga la vida -- _tLa persona, un ser en construcción -- _tLa persona, un ser religioso -- _tLa persona en un mundo tecnificado -- _gUnidad 2: En medio de un mundo herido : _tLa pobreza y el hambre -- _tLa violencia y la guerra -- _tel medio ambiente en peligro -- _tLa familia en la realidad social dominicana -- _tDossier: construyamos la paz -- _gUnidad 3: Sentido religioso del ser humano : _t¿Qué es la religión? -- _tFalsas actitudes religiosas -- _tLa realidad religiosa de nuestro pueblo -- _t¿Por qué tantas iglesias cristianas? -- _tDossier: la religión en nuestro mundo -- _gUnidad 4: Composición de la biblia : _t¿Cómo se formó la biblia? -- _tEl antiguo testamento -- _tEl nuevo testamento -- _tDossier: ¿Cómo buscar en la biblia? -- _gUnidad 5: Jesús, el enviado de Dios : _tEn Jesús se cumplen las promesas de Dios -- _tDio la vida por amor, murió y resucitó -- _tLa fe en Jesús da sentido de vida -- _tDossier: Jesús está vivo / |
||
| 521 | _aEstudiantes de secundaria. | ||
| 590 | _aInventariado, 2023/ YL | ||
| 700 | 1 |
_aWi-He, Fung _eilustraciones _984632 |
|
| 910 | _aYLockward | ||
| 942 |
_2ddc _cLBS1 |
||
| 999 |
_c55479 _d55479 |
||